000 00457nam a2200181 i 4500
001 bg
100 1 _aBURY, Józef
245 0 _aPłace i premie /
_cJózef Bury, Ryszard Karwański, Tadeusz Migdał.
250 _aWyd.2.
260 _aWarszawa,
_c1978.
700 1 _aKARWAŃSKI, Ryszard
700 1 _aMIGDAŁ, Tadeusz
040 _cBPK
041 _apol
080 _a331.2:658.14/.17(438)
942 _cKS
008 s pl f |000 0 pol
999 _c9631
_d9631
856 _uhttp://koha.tu.koszalin.pl/cgi-bin/koha/opac-detail.pl?biblionumber=9631
_yKatalog online BPK